| 000 | 00876naa a22002657a 4500 | ||
|---|---|---|---|
| 001 | BR8704259 | ||
| 003 | BR-BrBNA | ||
| 005 | 20240918175821.0 | ||
| 007 | ta | ||
| 008 | 230509b bl.||||| |||| 00| 0 por d | ||
| 040 |
_aBR-BrBNA _bpor _cBiblioteca Nacional de Agricultura |
||
| 041 | _a(Pt) | ||
| 072 |
_aF01 _b2120 |
||
| 090 | _aF01 BR8704259 | ||
| 100 | 1 | _aPenaforte, A.B. | |
| 245 | 1 | _aObtenha mais lucros na colheita e secagem de seu cafe | |
| 260 | 3 |
_aBelo Horizonte, MG (Brasil): _c1984. |
|
| 500 | _aCarta de informacoes tecnicas. Ref.: INF.-02/84 Belo Horizonte, MG (Brasil): 1984. p. 1 (BR8704259-AM)F01 | ||
| 650 | _aCAFE | ||
| 650 | _aCOLHEITA | ||
| 650 | _aSECAGEM | ||
| 773 | 0 |
_tCarta de informacoes tecnicas. Ref.: INF.-02/84 _wF01 BR8704259 _gBelo Horizonte, MG (Brasil), 1984. p. 1 |
|
| 909 |
_a202404 _bLucia _c55 _dLucia Elande |
||
| 942 |
_cAM _2AGRIS |
||
| 999 |
_c318269 _d318269 |
||